[Event "Ch Hungary"]
[Site "Budapest (Hungary)"]
[Round "0"]
[White "Navarovszky Laszlo (HUN)"]
[Black "Sandor Bela (HUN)"]
[Result "0-1"]
[WhiteElo "2280"]
[BlackElo "2330"]

1.d4 Nf6 2.c4 g6 3.Nc3 Bg7 4.e4 d6 5.Nf3 O-O 6.Be2 e5 7.O-O Nbd7 8.d5 Nc5
9.Bg5 h6 10.Bxf6 Qxf6 11.b4 Nd7 12.Ne1 Qe7 13.Nd3 f5 14.Qb3 Nf6 15.f3 Bd7
16.c5 Kh7 17.cxd6 cxd6 18.a3 Nh5 19.Rfc1 Bf6 20.Nd1 Qd8 21.N3f2 Bg5 22.Rc3 Qb6
23.Ra2 Nf4 24.Bf1 fxe4 25.fxe4 Rf7 26.a4 a6 27.a5 Qa7 28.Rc7 Raf8 29.b5 Bxb5
30.Rxf7+ Rxf7 31.Bxb5 axb5 32.Qxb5 Qd4 33.Rc2 h5 34.Qe8 Kg7 35.Qb5 Bd8 36.Qb2
Qa7 37.g3 Nd3 38.Qa3 Nxf2 39.Nxf2 Bb6 40.Qa2 Qxa5 41.Qxa5 Bxa5 42.Kg2 h4
43.Nd3 hxg3 44.hxg3 Bb6 45.Rb2 Bd4 46.Rc2 b5 47.Rc1 Rb7 48.Rb1 Bc3 49.Kf3 b4
50.Rb3 Kh6 51.Kg4 Rb5 52.Kh4 Kg7 53.Kg4 Kf6 54.Kh4 Bd2 55.Rb2 Bc3 56.Rb3 Rb8
57.Kg4 Rb7 58.Kf3 Kg5 59.Kg2 Kh5 60.Kh3 Kg5 61.Kg2 Kg4 62.Nf2+ Kh5 63.Nd3 g5
64.Kh3 g4+ 65.Kh2 Kg5 66.Kg2 Rb8 67.Kh1 Kf6 68.Kg2 Kg6 69.Kf1 Rf8+ 70.Kg2 Kg5
71.Nxb4 Bd4 72.Nc6 Rf2+ 73.Kg1 Bc5 74.Rb8 Rf4+ 75.Kg2 Rxe4 76.Rg8+ Kf6 77.Kf1
Ra4 78.Ke2 Ra2+ 79.Kd1 Kf5 80.Ne7+ Ke4 81.Rxg4+ Kd3 {#R} 0-1

[Event "Ch Yugoslavia"]
[Site "Zagreb (Croatia)"]
[Round "7"]
[White "Udovcic Mijo (YUG)"]
[Black "Bulat Ante (CRO)"]
[Result "1-0"]
[WhiteElo "2460"]
[BlackElo "2246"]

1.d4 Nf6 2.c4 g6 3.Nc3 Bg7 4.e4 d6 5.Nf3 O-O 6.Be2 e5 7.O-O Nbd7 8.d5 Nc5
9.Nd2 a5 10.Re1 Ne8 11.Nb3 b6 12.Nxc5 dxc5 13.Bf1 Bd7 14.Bd2 Nd6 15.Rc1 f5
16.exf5 gxf5 17.b3 Qe8 18.Bf4 a4 19.Kh1 axb3 20.axb3 Ne4 21.Nxe4 fxe4 22.Be3
Qg6 23.Be2 Kh8 24.Bh5 Qf6 25.Bg4 Be8 26.Ra1 Rxa1 27.Qxa1 Qh4 28.h3 h5 29.Be6
Bg6 30.Re2 Bf5 31.Bxf5 Rxf5 32.Qa8+ Kh7 33.Qc8 Rf7 34.Qe6 Rf8 35.Qd7 Qd8
36.Qxd8 Rxd8 37.Bg5 Rf8 38.Bh4 Ra8 39.Rxe4 Ra3 40.Bd8 Rxb3 41.Bxc7 Kg6 42.f3
Bh6 43.Bxe5 Be3 44.Kh2 Bf2 45.Re2 Bh4 46.Bc7 b5 47.cxb5 Rxb5 48.d6 c4 49.Re4
Bf6 {#r} 1-0

[Event "Ch URS (team)"]
[Site "Riga (Latvia)"]
[Round "1"]
[White "Petrosian Tigran V (ARM)"]
[Black "Suetin Alexei S (RUS)"]
[Result "1-0"]
[WhiteElo "2580"]
[BlackElo "2327"]

1.c4 Nf6 2.Nc3 g6 3.e4 d6 4.d4 Bg7 5.Be2 O-O 6.Nf3 e5 7.d5 Nbd7 8.O-O Nc5
9.Qc2 a5 10.Bg5 h6 11.Be3 Nfd7 ( 11...Ng4 12.Bxc5 dxc5 13.h3 Nf6 14.Nxe5 Nxd5
15.cxd5 Bxe5 16.f4 ) 12.Nd2 f5 13.exf5 gxf5 14.f4 exf4 15.Bxf4 Ne5 16.Rae1 Bd7
17.Nf3 Qf6 18.Qd2 Rae8 19.Nxe5 dxe5 20.Be3 b6 21.Bh5 ( { ? } 21.Bd1 ) 21...Re7
22.Bd1 ( 22.d6 Qxd6 23.Qxd6 cxd6 24.Nd5 Re6 25.Nc7 { = } ) 22...Qd6 23.Bc2
Ref7 24.Kh1 Ra8 25.Re2 Qf8 26.Ref2 Nb7 27.Qe2 Nd6 28.c5 { ! } 28...bxc5
29.Bxc5 Rb8 30.b3 Qc8 { ? } ( 30...e4 31.Nxe4 { ? } 31...Bb5 ) 31.Qh5 Qa6 { ?
} 32.g4 f4 33.Re1 Qc8 34.Bxd6 { ! } 34...cxd6 35.Bg6 Rf8 36.Ne4 f3 37.g5 Rf4
38.Rg1 Bf5 39.gxh6 Bxe4 40.Bxe4 {#r} 1-0

[Event "Ch Hungary"]
[Site "Budapest (Hungary)"]
[Round "15"]
[White "Sandor Bela (HUN)"]
[Black "Kluger Gyula (HUN)"]
[Result "1-0"]
[WhiteElo "2330"]
[BlackElo "2250"]

1.Nf3 Nf6 2.c4 g6 3.Nc3 Bg7 4.e4 d6 5.d4 O-O 6.Be2 e5 7.O-O Nbd7 8.d5 Nc5
9.Bg5 h6 10.Bxf6 Qxf6 11.b4 Nd7 12.Ne1 Qe7 13.Nd3 f5 14.Rc1 Nf6 15.f3 h5
16.Nf2 Bh6 17.Rc2 h4 18.Bd3 Nh5 19.Re1 Bd7 20.Rb2 Bf4 21.Bf1 Qg5 22.Qd3 h3
23.g4 Bxh2+ 24.Kh1 Nf4 25.Qe3 fxg4 26.fxg4 Bxg4 27.Nxg4 Qxg4 28.Rxh2 Kg7
29.Bxh3 Qh4 30.Bg2 Qg5 31.Ne2 Rh8 32.Nxf4 exf4 33.Qc3+ Qe5 34.Qxe5+ dxe5 35.c5
Rxh2+ 36.Kxh2 Rh8+ 37.Kg1 g5 38.Rc1 g4 39.c6 bxc6 40.Rxc6 f3 41.Rxc7+ Kf6
42.Bf1 Kg5 43.Rf7 Ra8 44.Kf2 Rc8 45.Bd3 Rc1 46.Ke3 Re1+ 47.Kd2 Rh1 48.d6 Rh8
49.d7 g3 50.Rxf3 Kg4 51.Be2 Kh3 52.Rd3 Rd8 53.Bf3 g2 54.Bxg2+ Kxg2 55.b5 {#r}
1-0

[Event "It \"]
[Site "Moscow (Russia)"]
[Round "3"]
[White "Antoshin Vladimir S (RUS)"]
[Black "Uhlmann Wolfgang (GER)"]
[Result "1-0"]
[WhiteElo "2250"]
[BlackElo "2379"]

1.d4 Nf6 2.c4 g6 3.Nc3 Bg7 4.e4 d6 5.Be2 O-O 6.Nf3 e5 7.d5 Nbd7 8.O-O Nc5
9.Qc2 a5 10.Bg5 h6 11.Be3 Nh5 12.g3 Bh3 13.Rfd1 f5 14.Bxc5 dxc5 15.Nh4 f4
16.Nxg6 fxg3 17.fxg3 Qg5 18.Bxh5 Qe3+ 19.Kh1 Rf2 20.Qd3 Qd4 21.Qxd4 cxd4
22.Ne2 Ra6 23.Nh4 Raf6 24.Kg1 d3 25.Nf4 R6xf4 26.gxf4 Rxf4 27.Ng2 {#r} 1-0

[Event "Ch Central Chess Club"]
[Site "Moscow (Russia)"]
[Round "0"]
[White "Antoshin Vladimir S (RUS)"]
[Black "Liberzon Vladimir M (ISR)"]
[Result "0-1"]
[WhiteElo "2250"]
[BlackElo "2410"]

1.d4 Nf6 2.c4 g6 3.Nc3 Bg7 4.e4 d6 5.Be2 O-O 6.Nf3 e5 7.d5 Nbd7 8.O-O Nc5
9.Qc2 a5 10.Bg5 h6 11.Be3 b6 12.Nd2 Ng4 13.Bxg4 Bxg4 14.a3 Na6 15.Rab1 Bd7
16.b4 f5 17.exf5 gxf5 18.f4 exf4 19.Bxf4 Qf6 20.Ne2 axb4 21.axb4 Rfe8 22.Nf3
Re4 23.Ng3 Rxf4 24.Nh5 Qe7 25.Nxf4 Qe3+ 26.Kh1 Qxf4 27.Qa2 b5 28.Rfc1 Qe4
29.c5 dxc5 30.bxc5 Qa4 31.Qd2 f4 32.d6 c6 33.Re1 Nxc5 34.Ne5 Bf5 35.d7 Nxd7
36.Nxd7 Bxb1 37.Nb6 Qa5 38.Re8+ Kh7 {#R} 0-1

[Event "It"]
[Site "Reykjavik (Iceland)"]
[Round "4"]
[White "Wade Robert G (ENG)"]
[Black "Vasiukov Evgeni (RUS)"]
[Result "0-1"]
[WhiteElo "2148"]
[BlackElo "2455"]

1.d4 Nf6 2.c4 g6 3.Nc3 Bg7 4.e4 O-O 5.Nf3 d6 6.Be2 e5 7.O-O Nbd7 8.d5 Nc5
9.Qc2 a5 10.Ne1 Qe7 11.Bd2 Bd7 12.Rc1 c6 13.Be3 cxd5 14.Bxc5 d4 15.Ba3 dxc3
16.Rd1 Rfd8 17.b3 Bc6 18.f3 Nh5 19.g3 Bh6 20.Ng2 Ng7 21.Qxc3 Ne6 22.Qd3 Qc7
23.Ne3 Qb6 24.Bc1 a4 25.Kh1 Nc5 26.Qc3 axb3 27.Nd5 Bxd5 28.Bxh6 Rxa2 29.Bd3
Be6 30.Bb1 Re2 31.Rfe1 Rxe1+ 32.Rxe1 f6 33.Be3 Ra8 34.g4 Qa5 35.Qc1 Qb4 36.Rd1
b2 37.Qc2 Ra3 38.Bxc5 dxc5 39.Rd8+ Kg7 40.Qd1 Re3 {#R} 0-1

[Event "Ch World (team) (under 26) (final B)"]
[Site "Ybbs (Austria)"]
[Date "1968.07.22"]
[Round "4"]
[White "Porrasmaa Timo (FIN)"]
[Black "Skalkotas Nikolaos (GRE)"]
[Result "0-1"]
[WhiteElo "2124"]
[BlackElo "2178"]

1.d4 Nf6 2.c4 g6 3.Nc3 Bg7 4.e4 d6 5.Nf3 O-O 6.Be2 e5 7.d5 Nbd7 8.O-O Nc5
9.Qc2 a5 10.Bg5 h6 11.Be3 Nfd7 12.Nd2 f5 13.f3 f4 14.Bf2 g5 15.b3 Nf6 16.a3 g4
17.b4 axb4 18.axb4 Rxa1 19.Rxa1 Na6 20.c5 g3 21.hxg3 Nh5 22.Nf1 fxg3 23.Nxg3
Nxg3 24.Bxg3 Nxb4 25.Qb3 Qg5 26.Kf2 Na6 27.Bxa6 bxa6 28.cxd6 cxd6 29.Ne2 h5
30.Qe3 Qf6 31.Rh1 Bh6 32.Qb6 Bg4 33.Qb3 Bg5 34.Kg1 h4 35.Bf2 h3 36.Qd3 hxg2
37.Rh2 Bxf3 38.Ng3 Bh4 39.Nf5 Bxf2+ 40.Kxf2 Bxe4 41.Qxe4 Qxf5+ 42.Qxf5 Rxf5+
43.Kxg2 {#R} 0-1

[Event "Memorial V.Goglidze"]
[Site "Tbilisi (Georgia)"]
[Round "14"]
[White "Spiridonov Nikola (BUL)"]
[Black "Tal Mikhail N (LAT)"]
[Result "0-1"]
[WhiteElo "2239"]
[BlackElo "2520"]

1.Nf3 g6 2.d4 Bg7 3.c4 d6 4.Nc3 Nf6 5.e4 O-O 6.Be2 e5 7.O-O Nbd7 8.d5 Nc5
9.Qc2 a5 10.Nd2 Bh6 11.Nb3 Bxc1 12.Nxc5 Bh6 13.Nd3 Nd7 14.Bg4 f5 15.Bh3 Qh4
16.Rae1 Nf6 17.f3 Rf7 18.Qf2 Qh5 19.c5 fxe4 20.Bxc8 e3 21.Qc2 Rxc8 22.Qa4 Rcf8
23.cxd6 cxd6 24.Nc1 e2 25.Rxe2 Ng4 26.h3 Ne3 27.Rfe1 b5 28.Qxb5 Rxf3 29.gxf3
Qxf3 30.Nd3 Qg3+ 31.Kh1 Qxh3+ 32.Kg1 e4 33.Nxe4 Rf1+ 34.Rxf1 Qxf1+ 35.Kh2
Qxe2+ 36.Nef2 Bf4+ {#R} 0-1

[Event "It"]
[Site "Hungary"]
[Round "0"]
[White "Hradeczky Tamas (HUN)"]
[Black "Toth Bela (ITA)"]
[Result "1-0"]
[WhiteElo "2216"]
[BlackElo "2345"]

1.d4 Nf6 2.c4 g6 3.Nc3 Bg7 4.e4 d6 5.Be2 O-O 6.Nf3 e5 7.O-O Nbd7 8.d5 Nc5
9.Nd2 a5 10.b3 Bh6 11.Qc2 Ne8 12.a3 f5 13.f3 Be3+ 14.Kh1 Nf6 15.exf5 gxf5
16.Nde4 Bd4 17.Nxc5 dxc5 18.Bg5 Qe8 19.Rae1 f4 20.Nb5 Qh5 21.Nxd4 cxd4 22.h4
h6 23.Bxf6 Rxf6 24.Bd3 Bf5 25.Bxf5 Rxf5 26.Qf2 Qg6 27.Kh2 Qf6 28.Rh1 Kf7
29.Kg1 c5 30.a4 Ke7 31.Kf1 Rg8 32.Rh3 Qb6 33.Qc2 Kf6 34.h5 Rgg5 35.Rh4 Qb4
36.Rg4 Rxh5 37.Rxe5 Rxe5 38.Qg6+ Ke7 39.d6+ Kd7 40.Qf7+ {#r} 1-0

[Event "?"]
[Site "Polanica Zdroj (Poland)"]
[Round "0"]
[White "Doroshkievich Vladimir K (RUS)"]
[Black "Nicevski Risto (MKD)"]
[Result "1-0"]
[WhiteElo "2420"]
[BlackElo "2410"]

1.d4 Nf6 2.c4 g6 3.Nc3 Bg7 4.e4 d6 5.Be2 O-O 6.Nf3 e5 7.O-O Nbd7 8.d5 Nc5
9.Qc2 a5 10.Bg5 h6 11.Be3 Ng4 12.Bxc5 dxc5 13.h3 Nf6 14.Nxe5 Nxd5 15.cxd5 Bxe5
16.f4 Bd4+ 17.Kh2 c6 18.a4 Qh4 19.e5 Kh8 20.Bc4 Bf5 21.Bd3 Be3 22.Bxf5 Bxf4+
23.Kg1 Bxe5 24.Be4 f5 25.Bf3 cxd5 26.Bxd5 Qg3 27.Ne2 Qh2+ 28.Kf2 Bf6 29.Qc4
Rfe8 30.Bf3 Re4 31.Bxe4 Bh4+ 32.Kf3 fxe4+ 33.Qxe4 Rf8+ 34.Kg4 Bf6 35.Rxf6 Rxf6
36.Ng3 h5+ 37.Kh4 Kg7 38.Qe5 Qxg2 39.Rf1 g5+ 40.Qxg5+ {#r} 1-0

[Event "Tournament"]
[Site "Albertslund (Denmark)"]
[Round "6"]
[White "Hamann Svend (DEN)"]
[Black "Kjaerbye Michael (DEN)"]
[Result "1-0"]
[WhiteElo "2490"]
[BlackElo "2210"]

1.Nf3 Nf6 2.d4 g6 3.c4 Bg7 4.Nc3 d6 5.e4 O-O 6.Be2 e5 7.d5 Nbd7 8.O-O Nc5
9.Qc2 a5 10.Bg5 h6 11.Be3 Ne8 12.Nd2 f5 13.exf5 gxf5 14.f3 Bd7 15.b3 Qe7 16.a3
Nf6 17.b4 axb4 18.axb4 Na6 19.Rab1 Kh8 20.Rfe1 Qf7 21.Bd3 Qh5 22.Nf1 Qh4
23.Bf2 Qg5 24.Ng3 Nh5 25.Nce2 Rae8 26.Nxh5 Qxh5 27.Ng3 Qf7 28.c5 dxc5 29.bxc5
Qxd5 30.Nxf5 Bc6 31.Nh4 Rf6 32.Ng6+ {#r} 1-0

[Event "?"]
[Site "Warsaw (Poland)"]
[Round "0"]
[White "Ornstein Axel (SWE)"]
[Black "Adamski Jan (POL)"]
[Result "1-0"]
[WhiteElo "2413"]
[BlackElo "2410"]

1.c4 g6 2.Nc3 Bg7 3.d4 d6 4.Nf3 Nd7 5.e4 e5 6.Be2 Ngf6 7.O-O O-O 8.d5 Nc5
9.Qc2 a5 10.Bg5 h6 11.Be3 Ng4 12.Bxc5 dxc5 13.h3 Nf6 14.Nxe5 Nxd5 15.cxd5 Bxe5
16.f4 Bd4+ 17.Kh2 Bd7 18.e5 Kg7 19.Bd3 Qh4 20.Ne2 Bf2 21.f5 Bd4 22.Nxd4 Qxd4
23.e6 fxe6 24.fxe6 Rxf1 25.Rxf1 Be8 26.Be4 g5 27.g3 Bh5 28.Bg2 Rf8 29.Rxf8
Kxf8 30.Qh7 Qf6 31.Qxc7 Be8 32.Qxc5+ Kg7 33.Qc7+ Kg8 34.Qc8 Kf8 35.d6 h5 36.d7
{#r} 1-0

[Event "?"]
[Site "Sochi (Russia)"]
[Round "0"]
[White "Smyslov Vassily (RUS)"]
[Black "Suetin Alexei S (RUS)"]
[Result "1-0"]
[WhiteElo "2494"]
[BlackElo "2327"]

1.Nf3 Nf6 2.c4 g6 3.Nc3 Bg7 4.e4 d6 5.d4 O-O 6.Be2 e5 7.d5 Nbd7 8.O-O Nc5
9.Qc2 a5 10.Bg5 h6 11.Be3 b6 12.Nd2 Ng4 13.Bxg4 Bxg4 14.a3 Na6 15.Rab1 Bd7
16.b4 f5 17.exf5 gxf5 18.f4 e4 19.Ne2 Qe8 20.Bd4 Qg6 21.Bxg7 Qxg7 22.Rfe1 Nb8
23.Nf1 axb4 24.axb4 Ra3 25.Rb3 Ba4 26.Rxa3 Bxc2 27.Rg3 Qxg3 28.Nexg3 Na6 29.b5
Nc5 30.Ne3 Ba4 31.Ngxf5 Kh7 32.Ra1 Kg6 33.g4 Ra8 34.Nd4 Nd3 35.f5+ Kf6 36.h4
Ne5 37.Kf2 Ra5 38.Kg3 Nd3 39.g5+ hxg5 40.Ng4+ Kg7 41.hxg5 Ne5 42.Nxe5 dxe5
43.Nc6 Ra8 44.Nxe5 e3 45.f6+ Kg8 46.Kf3 {#r} 1-0

[Event "It"]
[Site "Balmok"]
[Round "0"]
[White "Deze Anton (YUG)"]
[Black "Honfi Karoly (HUN)"]
[Result "0-1"]
[WhiteElo "2405"]
[BlackElo "2365"]

1.c4 e5 2.Nc3 Nf6 3.Nf3 d6 4.d4 Nbd7 5.e4 g6 6.Be2 Bg7 7.O-O O-O 8.d5 Nc5
9.Qc2 a5 10.Bg5 h6 11.Be3 Nfd7 12.Nd2 f5 13.f3 f4 14.Bf2 g5 15.Nb3 Rf7 16.Nxc5
dxc5 17.a3 Bf8 18.Na4 b6 19.b4 cxb4 20.axb4 Bxb4 21.c5 Ba6 22.cxb6 cxb6
23.Bxa6 Rxa6 24.Qc6 Rf6 25.d6 Kf8 26.Rfd1 Ra7 27.Rac1 Qa8 28.Qc8+ Qxc8
29.Rxc8+ Kf7 30.Rc6 Rb7 31.Bxb6 Nxb6 32.Nxb6 Rxb6 33.Rc7+ Kg6 34.d7 Be7
35.d8=Q Bxd8 36.Rxd8 Rb1+ 37.Kf2 Rfb6 38.Rd2 R1b2 39.Rxb2 Rxb2+ 40.Kf1 a4
41.Ra7 Ra2 42.Ra6+ Kh5 43.Kg1 a3 44.Kf1 g4 45.fxg4+ Kxg4 46.Rg6+ Kh5 47.Ra6
Kg5 48.h4+ Kxh4 49.Rxh6+ Kg5 50.Rh3 Ra1+ 51.Kf2 a2 52.Ra3 Kf6 {#R} 0-1

[Event "?"]
[Site "URS"]
[Round "0"]
[White "Petkevich Jusefs (LAT)"]
[Black "Gufeld Eduard (USA)"]
[Result "0-1"]
[WhiteElo "2380"]
[BlackElo "2535"]

1.d4 Nf6 2.c4 g6 3.Nc3 Bg7 4.e4 O-O 5.Be2 d6 6.Nf3 e5 7.d5 Nbd7 8.O-O Nc5
9.Qc2 a5 10.Bg5 h6 11.Be3 Nh5 12.g3 b6 13.Nd2 Bh3 14.Rfe1 Qd7 15.b3 Rae8 16.a3
f5 17.f3 f4 18.Bf2 fxg3 19.hxg3 Qe7 20.Kh2 Bc8 21.Nb5 g5 22.b4 Nb7 23.Kg2 g4
24.fxg4 Nf6 25.Qd1 Qf7 26.Bg1 h5 27.gxh5 Qd7 28.g4 Nxh5 29.Na7 Nf4+ 30.Kg3 Bf6
31.Bf1 Qh7 32.Nf3 Bxg4 33.Kxg4 Qg6+ {#R} 0-1

[Event "It"]
[Site "Halle (Germany)"]
[Round "0"]
[White "Knaak Rainer (GER)"]
[Black "Boensch Uwe (GER)"]
[Result "1-0"]
[WhiteElo "2520"]
[BlackElo "2365"]

1.d4 Nf6 2.c4 d6 3.Nc3 Nbd7 4.e4 e5 5.Nf3 g6 6.Be2 Bg7 7.O-O O-O 8.d5 Nc5
9.Qc2 a5 10.Bg5 h6 11.Be3 Nfd7 12.Ne1 f5 13.exf5 gxf5 14.f4 e4 15.Qd2 Nf6
16.Bd4 Kh7 17.g3 Qe7 18.Ng2 Na6 19.Nd1 c5 20.dxc6 bxc6 21.Nde3 Nc5 22.Nh4 Ne8
23.Bh5 Bxd4 24.Qxd4 Qg7 25.Qd2 Nd3 26.Bg6+ Kh8 27.Nexf5 Bxf5 28.Bxf5 Qd4+
29.Kh1 Ng7 30.Bd7 Rfb8 31.b3 e3 32.Qe2 a4 33.Bxc6 axb3 34.Bxa8 Rxa8 35.Nf3 Qc3
36.Qxe3 Rxa2 37.Rxa2 bxa2 38.Qd4 Qc2 39.Ra1 Nc1 40.Qd2 Qe4 41.Rxc1 Qxf3+ {#r}
1-0

[Event "Ch World (juniors) (under 16)"]
[Site "Wattignies (France)"]
[Round "0"]
[White "Cramling Pia (SWE)"]
[Black "Grinberg Nir (ISR)"]
[Result "0-1"]
[WhiteElo "2489"]
[BlackElo "2375"]

1.c4 Nf6 2.Nc3 g6 3.e4 d6 4.d4 Bg7 5.Be2 O-O 6.Nf3 e5 7.O-O Nbd7 8.d5 Nc5
9.Qc2 a5 10.Bg5 h6 11.Be3 b6 12.Ne1 Nfd7 13.Bg4 f5 14.exf5 Nf6 15.Bh3 Nh5
16.f4 exf4 17.Bxf4 Bxf5 18.Bxf5 Rxf5 19.Be3 Rxf1+ 20.Kxf1 Qe8 21.Qd2 Ne4
22.Nxe4 Qxe4 23.Qd3 Re8 24.Qxe4 Rxe4 25.Ke2 Bxb2 26.Rb1 Bd4 27.Nc2 Bxe3
28.Nxe3 Rd4 29.g3 Nf6 30.Rc1 Nd7 31.Rc2 Ne5 32.Rc1 Re4 33.h3 a4 34.a3 Kg7
35.Rc3 Rd4 36.Ke1 h5 37.Ke2 h4 38.gxh4 Rxh4 39.Kf2 Kf6 40.Kg3 Kg5 41.Kh2 Re4
42.Kg3 Rd4 43.Kf2 Kf4 44.Kf1 Ke4 45.Ke2 Rd3 46.Rxd3 Nxd3 47.Ng4 Ne5 48.Nf6+
Kd4 49.Ne8 Nxc4 50.Nxc7 Nxa3 51.Kd2 b5 52.Ne6+ Kxd5 53.Nf4+ Ke4 54.Nxg6 b4
55.h4 Nc4+ 56.Kc2 b3+ 57.Kb1 a3 58.h5 a2+ 59.Ka1 Kd3 60.Nf4+ Kc2 61.Nd3 Kxd3
{#R} 0-1

[Event "Cup European Club"]
[Site "Montana Grans (Switzerland)"]
[Date "1976.01.16"]
[Round "5"]
[White "Hamann Svend (DEN)"]
[Black "De Bruycker Bernard (BEL)"]
[Result "0-1"]
[WhiteElo "2298"]
[BlackElo "2192"]

1.d4 Nf6 2.c4 g6 3.Nc3 Bg7 4.e4 d6 5.Be2 Nbd7 6.Nf3 e5 7.O-O O-O 8.d5 Nc5
9.Qc2 a5 10.Bg5 h6 11.Be3 b6 12.Nd2 Bg4 13.f3 Bd7 14.b3 Nh5 15.Rfe1 f5 16.a3
f4 17.Bf2 Be8 18.b4 Nd7 19.Nb5 Rf7 20.Nb3 axb4 21.axb4 Rxa1 22.Rxa1 Ndf6 23.c5
bxc5 24.bxc5 Bh8 25.c6 Rg7 26.Ra7 g5 27.Nxc7 Rxc7 28.Bb6 Qb8 {#R} 0-1

[Event "Memorial Parcetic"]
[Site "Sombor (Yugoslavia)"]
[Round "12"]
[White "Masic Ljubomir (SCG)"]
[Black "Plachetka Jan (SVK)"]
[Result "0-1"]
[WhiteElo "2254"]
[BlackElo "2388"]

1.Nf3 Nf6 2.c4 g6 3.Nc3 Bg7 4.e4 O-O 5.d4 d6 6.Be2 e5 7.d5 Nbd7 8.O-O Nc5
9.Qc2 a5 10.Bg5 h6 11.Be3 Nh5 12.g3 Bh3 13.Rfd1 Kh7 14.Ne1 Bf6 15.Qd2 Bg5
16.f4 Bf6 17.Bf3 Qe7 18.fxe5 Bxe5 19.Nd3 Nxd3 20.Qxd3 Rae8 21.Rd2 f5 22.Bxh5
gxh5 23.Ne2 fxe4 24.Qc2 Kh8 25.Nf4 Bxf4 26.gxf4 Qh4 27.Kh1 Rg8 28.Rf2 Bg4
29.Raf1 Qh3 30.Bd4+ Kh7 31.f5 Bf3+ 32.Rxf3 exf3 33.f6+ Rg6 34.Rg1 Qg2+ 35.Rxg2
fxg2+ 36.Qxg2 Re1+ 37.Bg1 Rxg2 38.Kxg2 Kg6 39.Bd4 Re4 40.Bc3 Rxc4 41.Bxa5 Kxf6
{#R} 0-1

[Event "Ch URS (qual)"]
[Site "Beltsy (Moldova)"]
[Round "0"]
[White "Ivanov Igor V (CAN)"]
[Black "Arbakov Valentin (RUS)"]
[Result "1-0"]
[WhiteElo "2424"]
[BlackElo "2444"]

1.d4 Nf6 2.c4 g6 3.Nc3 Bg7 4.e4 d6 5.Nf3 O-O 6.Be2 e5 7.d5 Nbd7 8.O-O Nc5
9.Qc2 a5 10.Bg5 h6 11.Be3 Ng4 12.Bxc5 dxc5 13.h3 Nf6 14.Nxe5 Nxd5 15.cxd5 Bxe5
16.f4 Bd4+ 17.Kh2 ( 17.Kh1 Qh4 18.Qd3 c6 { ? } 19.d6 { ! P } ) 17...Qh4 18.e5
( 18.Qd3 Bd7 19.e5 Kg7 { = } ) 18...c6 19.d6 Kg7 20.Rad1 f6 21.Na4 fxe5
22.Nxc5 Rd8 23.f5 Bxf5 ( 23...gxf5 24.d7 Bxd7 25.Nxd7 Rxd7 26.Qxf5 { P } )
24.Bd3 e4 25.Bxe4 Be5+ 26.Kg1 Bxe4 27.Nxe4 Rd7 28.Kh1 Rad8 29.Qe2 b6 30.Rd3
Re8 ( 30...Bxd6 31.Nxd6 Rxd6 32.Rxd6 Rxd6 33.Qe8 { +?? } ) 31.Nf6 Qxf6 32.Rxf6
Kxf6 33.Qf3+ Kg7 34.Qxc6 Red8 35.Qxb6 Rxd6 36.Qc7+ Kf6 37.Rf3+ Kg5 38.Qe7+
{#r} 1-0

[Event "Ch World (juniors) (under 20)"]
[Site "Graz (Austria)"]
[Round "3"]
[White "Cordes Hans-Joerg Dr (GER)"]
[Black "Pasman Michael (ISR)"]
[Result "1-0"]
[WhiteElo "2269"]
[BlackElo "2355"]

1.d4 g6 2.c4 Bg7 3.Nc3 d6 4.e4 Nd7 5.Nf3 e5 6.Be2 Ngf6 7.d5 O-O 8.O-O Nc5
9.Qc2 a5 10.Bg5 h6 11.Be3 Nh5 12.g3 Bh3 13.Rfe1 Qd7 14.Nd2 b6 15.b3 Kh7 16.a3
f5 17.exf5 Bxf5 18.Nde4 a4 19.b4 Nb3 20.Rad1 Nf4 21.gxf4 exf4 22.Bd2 Rae8
23.f3 Re5 24.Bf1 Qe7 25.Bc1 Bd7 26.Bb2 Rh5 27.Nb5 Bh3 28.Nf6+ Bxf6 29.Rxe7+
Bxe7 {#r} 1-0

[Event "Ch World (juniors) (under 14)"]
[Site "Belfort (France)"]
[Round "0"]
[White "Ehlvest Jaan (USA)"]
[Black "Benjamin Joel (USA)"]
[Result "1-0"]
[WhiteElo "2594"]
[BlackElo "2320"]

1.d4 Nf6 2.c4 g6 3.Nc3 Bg7 4.e4 O-O 5.Nf3 d6 6.Be2 Nbd7 7.O-O e5 8.d5 Nc5
9.Qc2 a5 10.Bg5 h6 11.Be3 b6 12.Nd2 h5 13.Bg5 Qe8 14.Nb5 Qd7 15.a3 a4 16.Nc3
Nh7 17.Be3 Qe8 18.Rae1 Bd7 19.h3 f5 20.exf5 gxf5 21.Qd1 h4 22.f4 e4 23.Rf2 Qg6
24.Nf1 Nb3 25.Kh2 Kh8 26.g4 hxg3+ 27.Nxg3 Nf6 28.Rg1 Qh6 29.Nh5 Nxh5 30.Bxh5
Bf6 31.Rfg2 Rg8 32.Rg6 Rxg6 33.Rxg6 Qf8 34.Be2 Be8 35.Rg2 Qh6 36.Qg1 Bf7
37.Nb5 Rc8 38.Bd1 Nc5 39.Nd4 Qh7 40.Nxf5 Nd3 41.Rg5 Rg8 42.Bd4 Ne5 43.Rxg8+
Bxg8 44.Ng3 Nd7 45.Nh5 {#r} 1-0

[Event "?"]
[Site "Manila (Philippines)"]
[Round "0"]
[White "Keene Raymond D (ENG)"]
[Black "Torre Eugenio (PHI)"]
[Result "0-1"]
[WhiteElo "2455"]
[BlackElo "2520"]

1.d4 Nf6 2.c4 g6 3.Nf3 Bg7 4.Nc3 O-O 5.e4 d6 6.Be2 e5 7.O-O Nbd7 8.d5 Nc5
9.Qc2 a5 10.Bg5 h6 11.Be3 b6 12.Nd2 Bg4 13.f3 Bd7 14.b3 Nh5 15.a3 Nf4 16.Rfe1
Qg5 17.Bf1 Ncd3 18.g3 Nxe1 19.Rxe1 Qf6 20.Nb5 Nh3+ 21.Bxh3 Bxh3 22.Nxc7 Rab8
23.b4 Qe7 24.Nb5 axb4 25.axb4 Rb7 26.Qa4 Rfb8 27.Ra1 Kh7 28.Qb3 Bd7 29.Ra6
Bxb5 30.cxb5 Qd7 31.Qd3 h5 32.Bf2 Bf6 33.Kg2 Bd8 34.Nc4 Kg8 35.h3 Kg7 36.Kh2
Kh8 37.Kg2 Kh7 38.Kh2 Qxb5 39.Nxe5 Qxd3 40.Nxd3 Rc8 {#R} 0-1

[Event "Ch Estonia"]
[Site "Tallinn (Estonia)"]
[Round "0"]
[White "Veingold Aleksandr (EST)"]
[Black "Uusi Gunnar (EST)"]
[Result "0-1"]
[WhiteElo "2473"]
[BlackElo "2395"]

1.d4 Nf6 2.Nf3 g6 3.c4 Bg7 4.Nc3 O-O 5.e4 d6 6.Be2 e5 7.O-O Nbd7 8.d5 Nc5
9.Qc2 a5 10.Bg5 h6 11.Be3 Ng4 12.Bxc5 dxc5 13.h3 Nf6 14.Nxe5 Nxd5 15.cxd5 Bxe5
16.f4 Bd4+ 17.Kh2 g5 18.g3 c6 19.dxc6 bxc6 20.e5 gxf4 21.gxf4 Kh8 22.Qe4 Qh4
23.Rf3 Rg8 24.Bd3 Rg7 25.Ne2 Bg4 26.Rg3 Bxe2 27.Rxg7 Bxd3 28.Rh7+ Kg8 29.Qxd3
Qxf4+ 30.Kg2 Rb8 31.Rb1 Qf2+ {#R} 0-1

[Event "Olympiad (w)"]
[Site "Malta"]
[Round "0"]
[White "An Yangfeng (CHN)"]
[Black "Nakagawa Emiko (JPN)"]
[Result "1-0"]
[WhiteElo "2259"]
[BlackElo "1806"]

1.d4 Nf6 2.c4 g6 3.Nc3 Bg7 4.e4 d6 5.Nf3 O-O 6.Be2 e5 7.O-O Nbd7 8.d5 Ne8
9.Bg5 f6 10.Be3 f5 11.exf5 gxf5 12.Ng5 Ndf6 13.f4 Ng4 14.Bxg4 fxg4 15.fxe5
Rxf1+ 16.Qxf1 dxe5 17.Qf7+ Kh8 18.Rf1 Nf6 19.Nce4 Nxe4 20.Nxe4 c6 21.Ng5 Qg8
22.Qh5 h6 23.Nf7+ {#r} 1-0

[Event "It (b)"]
[Site "Wroclaw (Poland)"]
[Round "7"]
[White "Szydlowski Edward (POL)"]
[Black "Korpalski Robert (POL)"]
[Result "0-1"]
[WhiteElo "2215"]
[BlackElo "2147"]

1.d4 Nf6 2.c4 g6 3.Nc3 Bg7 4.e4 d6 5.Nf3 O-O 6.Be2 e5 7.O-O Nbd7 8.d5 Nc5
9.Nd2 a5 10.f3 Ne8 11.Nb3 f5 12.Nxc5 dxc5 13.exf5 gxf5 14.Be3 b6 15.Qd2 f4
16.Bf2 Nd6 17.Bd3 Qg5 18.Ne4 Qh5 19.a3 Bf5 20.b4 Bxe4 21.fxe4 f3 22.g3 Bh6
23.Be3 Rf6 24.bxc5 Raf8 25.Bxh6 f2+ 26.Kg2 Qf3+ 27.Kh3 Qh5+ 28.Kg2 Rxh6 29.h4
Qf3+ 30.Kh3 Rg6 {#R} 0-1

[Event "Ch Great Britain"]
[Site "Morecambe (England)"]
[Round "11"]
[White "Crombleholme Alan (ENG)"]
[Black "Jones Brian (AUS)"]
[Result "0-1"]
[WhiteElo "2104"]
[BlackElo "2070"]

1.d4 Nf6 2.Nf3 g6 3.c4 Bg7 4.Nc3 O-O 5.e4 d6 6.Be2 e5 7.d5 Nbd7 8.O-O Nc5
9.Qc2 a5 10.Bg5 h6 11.Be3 Nfd7 12.Nd2 Qe7 13.Nb3 b6 14.Kh1 f5 15.exf5 gxf5
16.f4 e4 17.Nd4 Nf6 18.a3 Ng4 19.Bxg4 fxg4 20.Rad1 g3 21.hxg3 Bg4 22.Rd2 Rae8
23.Kg1 h5 24.b4 axb4 25.axb4 Nd3 26.Nc6 Qf7 27.Nxe4 Rxe4 28.Rxd3 Rfe8 29.Re1
Qg6 30.Ra3 Bd7 31.Qf2 Bxc6 32.dxc6 Qe6 33.Qf3 Qxc4 34.Qxh5 Qxc6 35.f5 d5
36.Rc1 Qf6 37.Bf4 c5 38.bxc5 bxc5 39.Ra7 R4e7 40.Kh2 c4 41.Rxe7 Rxe7 42.Qg4
Rf7 43.Rb1 Qxf5 44.Rb8+ Kh7 45.Qh4+ Kg6 46.Rb6+ Rf6 47.Rxf6+ Bxf6 48.Qh6+ Kf7
49.Bd6 Bg7 50.Qe3 c3 51.Bc5 d4 52.Qe7+ Kg6 53.Qd6+ Kh7 {#R} 0-1

[Event "Olympiad"]
[Site "Lucerne (Switzerland)"]
[Round "12"]
[White "Agusto Obafunmilayo (NGR)"]
[Black "Narchi Marcel (FRA)"]
[Result "1-0"]
[WhiteElo "2210"]
[BlackElo "2076"]

1.d4 Nf6 2.Nf3 g6 3.c4 Bg7 4.Nc3 d6 5.e4 O-O 6.Be2 e5 7.O-O Nbd7 8.d5 a5 9.Qc2
Nc5 10.Bg5 h6 11.Be3 b6 12.Nd2 Kh7 13.a3 Ne8 14.b4 Nb7 15.Nb3 f5 16.f3 f4
17.Bf2 g5 18.c5 dxc5 19.bxc5 bxc5 20.Nxc5 Nxc5 21.Bxc5 Nd6 22.Rfc1 Rf7 23.Rab1
Bf8 24.Bf2 Ba6 25.Bxa6 Rxa6 26.Na4 Nc8 27.Qc3 Qd7 28.Nc5 Bxc5 29.Bxc5 {#r} 1-0